000 00455nam a2200157 a 4500
005 20140412111258.0
008 091205s19uu xx 00 eng d
020 _a0-439-69231-8
050 _aTR(PS E
_bFr92 2003
100 _aLondon, Jonathan
245 _aFroggy's Baby Sister /
_cJonathan London.
260 _aNew York :
_bScholastic,
_c2003.
300 _aunp.
520 _aFroggy can't wait to take care of his new baby sister!
999 _c103276
_d103276